Представление документа в формате RUSMARC

ПолеНазваниеЗначение
  Тип записи a
  Библиографический уровень m
001 Контрольный номер RU/SLIB/B/208733405
005 Дата корректировки 20201206204030.6
010 Индекс ISBN __
a ISBN 5-8401-0002-1
d Цена 31-64
101 Язык документа 0_
a Язык текста rus
c Язык оригинала rus
200 Заглавие и сведения об ответственности 1_
a Заглавие Право социального обеспечения
e Сведения, относящиеся к заглавию Схемы и комментарии
f Первые сведения об ответственности Е. Н. Голенко, В. И. Ковалев
b Общее обозначение материала Текст
210 Выходные данные __
a Место издания М.
c Издательство Юриспруденция
d Дата издания 1999
215 Физическое описание __
a Объем 183 с.
330 Аннотация __
a Аннотация В схемах и комментариях приведены характеристика предмета и системы права социального обеспечения, всех его институтов: пенсии, пособия, порядок и условия их назначения и выплат, компенсационные выплаты, социальное страхование и др. Для студентов юридических вузов.
606 Тематические рубрики __
a Основная рубрика Право
y Географическая подрубрика Россия; РФ; Российская Федерация
606 Тематические рубрики __
a Основная рубрика Право социального обеспечения
610 Ключевые слова __
a Ключевые слова трудовой стаж; пенсии; выслуга лет; инвалидность; социальные пенсии; индексация; пособия; безработица; пособия по безработице; погребения; социальное страхование; компенсации; медицинское страхование; потеря кормильца; временная нетрудоспособность; ритуальные услуги; социальное обеспечение; дети
686 Индексы других классификаций __
a Классификационный индекс 67.405.2(2Рос)
700 Автор _1
a Фамилия Голенко
b Имя Е. Н.
4 Код отношения 070
701 Альтернативная интеллектуальная ответственность _1
a Фамилия Ковалев
b Имя В. И.
4 Код отношения 070
801 Источник записи _0
a Страна RU
b Организация Муниципальное бюджетное учреждение культуры "Централизованная библиотечная система" г. Сургут (Центральная городская библиотека им. А. С. Пушкина)
g Правила каталогизации КиК/Котельникова
801 Источник записи _1
a Страна RU
b Организация Муниципальное бюджетное учреждение культуры "Централизованная библиотечная система" г. Сургут (Центральная городская библиотека им. А. С. Пушкина)
g Правила каталогизации КиК/Котельникова
852 Данные о местонахождении __
j Шифр хранения 67.405.2(2Рос)
c Каталожный индекс 67.405(2Рос)
i Авторский знак Г 60
901 Тип документа __
t Тип документа m
903 Характеристики (МАРС) __
a Дата передачи 20030110
990 Данные о заказе (DOS) __
j Количество экземпляров (DOS) 1
t N записи в КСУ для И/У (DOS) 200301